000 00299nam a22001337a 4500
008 170918b xxu||||| |||| 00| 0 eng d
020 _a9780521423830
041 _aeng
080 _a7
100 _a44
101 _aART
245 _aTHE THEORY AND ANALYSIS OF DRAMA
_cPFISTER,M
942 _2udc
_cBK
999 _c27919
_d27919